| 000 | 00613nam a2200205 a 4500 | ||
|---|---|---|---|
| 005 | 20240809063744.0 | ||
| 008 | 160502s2008 mx r 000 0 spa d | ||
| 020 | _a9789682463655 | ||
| 035 | _aUPN01000209991 | ||
| 049 | _aI | ||
| 050 | 4 |
_aPQ7298.28 O2.3 _bA5.5 |
|
| 100 | 1 |
_aRobles Boza, Eduardo, _d1941-2012 _929633 |
|
| 245 | 1 | 0 |
_aA mi amigo nadie lo quiere / _cEduardo Robles Boza. |
| 260 |
_aMéxico : _bTrillas, _c2008. |
||
| 300 |
_a32 p. : _bil. col. |
||
| 440 | 4 | _aLos problemas de mi amigo | |
| 650 | 4 |
_aCuentos infantiles mexicanos _97723 |
|
| 650 | 4 |
_aConducta infantil _95683 |
|
| 905 | _aInfantil | ||
| 999 |
_c182092 _d182092 |
||